UBT Library

Microbiology. (Record no. 44351)

000 -LEADER
fixed length control field 00567cam a22002411 4500
001 - CONTROL NUMBER
control field 7495257
005 - DATE AND TIME OF LATEST TRANSACTION
control field 20180307092928.0
008 - FIXED-LENGTH DATA ELEMENTS--GENERAL INFORMATION
fixed length control field 750709s1961 paua b 000 0 eng
010 ## - LIBRARY OF CONGRESS CONTROL NUMBER
LC control number 61006729
015 ## - NATIONAL BIBLIOGRAPHY NUMBER
National bibliography number GB61-10327
035 ## - SYSTEM CONTROL NUMBER
System control number (OCoLC)1436876
040 ## - CATALOGING SOURCE
Original cataloging agency DLC
Transcribing agency FO
Modifying agency OCoLC
-- Uk
-- DLC
041 ## - LANGUAGE CODE
Language code of text/sound track or separate title eng
042 ## - AUTHENTICATION CODE
Authentication code premarc
080 ## - UNIVERSAL DECIMAL CLASSIFICATION NUMBER
Universal Decimal Classification number 576 CAR
082 ## - DEWEY DECIMAL CLASSIFICATION NUMBER
Classification number 576 CAR
100 1# - Rafti
Rafti 11
101 ## - Shkurtesa
Shkurtesa BIO
245 00 - TITLE STATEMENT
Title Microbiology.
504 ## - BIBLIOGRAPHY, ETC. NOTE
Bibliography, etc Includes bibliographies.
906 ## - LOCAL DATA ELEMENT F, LDF (RLIN)
a 7
b cbc
c oclcrpl
d u
e ncip
f 19
g y-gencatlg
942 ## - ADDED ENTRY ELEMENTS (KOHA)
Source of classification or shelving scheme
Item type Books
Holdings
Withdrawn status Lost status Source of classification or shelving scheme Damaged status Not for loan Collection code Permanent location Current location Shelving location Date acquired Total Checkouts Full call number Barcode Date last seen Price effective from Koha item type
          Koleksioni i përgjithshem UBT - Lipjan UBT - Lipjan Koleksioni i përgjithshem 03/07/2018   576 CAR 002-3000820 03/07/2018 03/07/2018 Books
UBT Library © 2015-2024. All rights reserved University Education for Business and Technology